000 00572nam a2200181Ia 4500
008 090124s9999 xx 000 0 und d
082 _b108575
100 _aदेशपांडे माधव का.
245 _a साहित्य - साधना
250 _a1
260 _c1961
300 _a7+560
600 _aदेशपांडे माधव का.
630 _a साहित्य - साधना
700 _aदेशपांडे माधव का.
730 _a साहित्य - साधना
942 _cBOOK
999 _c154666
_d154666